Vasi canopi, N. 19001-19153 /

محفوظ في:

مؤلفون مشاركون: Museo egizio di Torino., Consiglio nazionale delle ricerche (Italy), Turin (Italy : Province). Assessorato alla cultura.

مؤلفون آخرون: Dolzani, Claudia.

التنسيق: كتاب

اللغة: Italian

منشور في: Milano : Cisalpino-La goliardica, 1982.

سلاسل: Catalogo del Museo egizio di Torino. Serie seconda, Collezioni ; 4.
Torino ; 4.

الموضوعات:

الوسوم: إضافة وسم

لا توجد وسوم, كن أول من يضع وسما على هذه التسجيلة!

رقم الطلب: ( F )DT59 .T85 C42 v.4

LEADER 01256nam a2200301Ia 4500
003 OSt
005 20240826063019.0
008 221124s1982 it af bc 00000 ita u
952 |0 0  |1 0  |2 lcc  |3 V.4  |4 0  |7 1  |9 61631  |a ARCE  |b ARCE  |d 2024-02-11  |l 0  |o ( F )DT59 .T85 C42 v.4  |p 1027073  |r 2024-02-11 00:00:00  |w 2024-02-11  |y BK 
999 |c 50553  |d 50553 
020 |a 8820503352 
040 |c ARCE Library 
050 4 |a ( F )DT59 .T85 C42 v.4 
110 2 |a Museo egizio di Torino. 
245 1 0 |a Vasi canopi, N. 19001-19153 /   |c a cura di Claudia Dolzani, con il contributo del Consiglio nazionale delle ricerche e dell'Assessorato alla cultura della Provincia di Torino. 
264 1 |a Milano :   |b Cisalpino-La goliardica,   |c 1982. 
300 |a 73 p., [29] p. of plates :   |b ill. ;   |c 33 cm. 
490 0 |a Catalogo del Museo egizio di Torino. Serie seconda, Collezioni ; 4. 
490 0 |a Torino ; 4. 
504 |a Bibliography: p. [7]-8. 
610 2 0 |a Museo egizio di Torino -- Catalogs. 
650 0 |a Canopic jars -- Egypt -- Catalogs. 
651 0 |a Egypt -- Antiquities -- Catalogs. 
700 1 |a Dolzani, Claudia. 
710 2 |a Consiglio nazionale delle ricerche (Italy) 
710 1 |a Turin (Italy : Province). Assessorato alla cultura. 
901 |a reviewed 
942 |2 lcc  |c BK